00555nam a2200205Ia 4500008004100000020001700041050001600058050001800074245006900092245003500161250001600196260001500212260001700227260000900244300001600253300001100269500002000280650002500300650002400325180523s9999 xx 000 0 und d a007-112133-1 aMAIN TS 176 b.M36 2005 c.1 0aManufacturing planning and control for supply chain management / 0cThomas E. Vollmann… [et al]. a5th Edition aNew York : bMcGraw-Hill, c2005 a712 pages : c23 cm. aIncludes index. aProduction planning. xProduction control.